Home Print Resources E-Books E-Journals IIMT Lecture Series Library Membership Form Book Recommendation Form Campus Tour Take AdmissionAbout Us Contact Us

sharirik shiksha ke maulik aadhar (Record no. 66467)

000 -LEADER
fixed length control field 00299nam a22001217a 4500
008 - FIXED-LENGTH DATA ELEMENTS--GENERAL INFORMATION
fixed length control field 251006b |||||||| |||| 00| 0 eng d
040 ## - CATALOGING SOURCE
Original cataloging agency IIMT University College of Education-B.P.Ed
100 ## - MAIN ENTRY--PERSONAL NAME
Personal name Singh, Dr. Rajender
245 ## - TITLE STATEMENT
Title sharirik shiksha ke maulik aadhar
260 ## - PUBLICATION, DISTRIBUTION, ETC. (IMPRINT)
Place of publication, distribution, etc New Delhi
Name of publisher, distributor, etc Khel sahitya kendra
300 ## - PHYSICAL DESCRIPTION
Pages 246
942 ## - ADDED ENTRY ELEMENTS (KOHA)
Koha item type Text-Book- for 7 days
952 ## - LOCATION AND ITEM INFORMATION (KOHA)
-- 2025-10-06
Holdings
Withdrawn status Lost status Source of classification or shelving scheme Damaged status Not for loan Location (home branch) Sublocation or collection (holding branch) Date acquired Source of Acquisition Koha issues (times borrowed) Accession No. Koha date last seen Koha item type
          IIMT University College of Education-B.P.Ed IIMT University College of Education-B.P.Ed 10/06/2025 Khel sahitya kendra   17-B-4000 10/25/2006 Text-Book- for 7 days
IIMT, Central Library. All Rights Reserved IIMT,UNIVERSITY © 2023
Implemented and Customised by I CLOUDE EMS
You Are OPAC Visitor No
free web counter

Powered by Koha